El Niño and the southern oscillation: multiscale variability and global and regional impacts
Guardat en:
| Autors principals: | , |
|---|---|
| Format: | Llibre |
| Idioma: | anglès |
| Publicat: |
Cambridge
University of Cambridge
2000
|
| Matèries: | |
| Etiquetes: |
Afegir etiqueta
Sense etiquetes, Sigues el primer a etiquetar aquest registre!
|
MARC
| LEADER | 00000nam a2200000 a 4500 | ||
|---|---|---|---|
| 001 | UCN5203 | ||
| 003 | CL-VaPUC | ||
| 008 | 010824e20000000uk |||||||||||||||||eng|d | ||
| 082 | 0 | 4 | |a 551.6 |b DIA |2 21 |
| 100 | 0 | |a Díaz, Henry F |e author |9 461225 | |
| 700 | 0 | |a Markgraf, Vera |e author |9 461226 | |
| 245 | 1 | 0 | |a El Niño and the southern oscillation: multiscale variability and global and regional impacts |
| 300 | |a 496 p | ||
| 942 | |c BK | ||
| 945 | |d 20010824 00:00:00 |a cmena | ||
| 260 | |a Cambridge |b University of Cambridge |c 2000 | ||
| 600 | 0 | 7 | |a EL NIÑO |2 CL-VaPUC |9 461227 |
| 650 | 0 | |a Climatología |9 262302 | |
| 650 | 0 | |a Condiciones atmosféricas |9 340107 | |
| 650 | 7 | |a FENOMENOS NATURALES |2 CL-VaPUC |9 343098 | |
| 583 | |a last modification |c 20171220 05:59:52 |k Rodrigo Vera | ||
| 999 | |c 296860 |d 296858 | ||
| 952 | |0 0 |1 0 |4 0 |6 551_600000000000000_DIA_2000 |7 0 |8 CCM |9 351115 |a BIBCUR |b BIBCUR |d 2019-11-21 |i 3749649 |l 1 |o 551.6 DIA 2000 |p 3749649 |r 2025-04-22 |s 2022-06-22 |w 2019-11-21 |y BK |k RNT | ||